00594nam a2200145Ia 4500008004100000020001800041041000800059082001500067100002300082245026100105250000600366260003900372300001200411650002500423210716s2016 xx 000 0 und d a9781786469397 aeng a794.8 LINT aLintrami, Tommaso. aUnity 2017 game development essentials: build fully functional 2D and 3D games with realistic environments sounds physics special effects and more.bBuild fully functional 2D and 3D games with realistic environments sounds physics special effects and more. a3 aMumbaibPackt Publishing Ltdc2016 axiv,643 aGames of chance(795)